Xây dựng đạo đức gia đình ở nước ta hiện nay
Nội dung sách giới thiệu một số vấn đề lý luận về đạo đức gia đình và đạo đức gia đình Việt Nam. Kinh tế thị trường và tác động của nó đối với đạo đức gia đình ở nước ta hiện nay. Nêu một số giải pháp định hướng đối với việc...
Đã lưu trong:
| 主要作者: | |
|---|---|
| 格式: | 圖書 |
| 語言: | Undetermined |
| 出版: |
Hà Nội
Chính trị Quốc gia - Sự thật
2011
|
| 主題: | |
| 標簽: |
添加標簽
沒有標簽, 成為第一個標記此記錄!
|
| Thư viện lưu trữ: | Trung tâm Học liệu Trường Đại học Cần Thơ |
|---|
| LEADER | 01280nam a2200229Ia 4500 | ||
|---|---|---|---|
| 001 | CTU_207347 | ||
| 008 | 210402s9999 xx 000 0 und d | ||
| 020 | |c 42000 | ||
| 082 | |a 173 | ||
| 082 | |b Th400 | ||
| 100 | |a Nguyễn, Thị Thọ | ||
| 245 | 0 | |a Xây dựng đạo đức gia đình ở nước ta hiện nay | |
| 245 | 0 | |c Nguyễn Thị Thọ | |
| 260 | |a Hà Nội | ||
| 260 | |b Chính trị Quốc gia - Sự thật | ||
| 260 | |c 2011 | ||
| 520 | |a Nội dung sách giới thiệu một số vấn đề lý luận về đạo đức gia đình và đạo đức gia đình Việt Nam. Kinh tế thị trường và tác động của nó đối với đạo đức gia đình ở nước ta hiện nay. Nêu một số giải pháp định hướng đối với việc xây dựng đạo đức gia đình ở nước ta hiện nay. | ||
| 650 | |a Ethics,Ethics of everyday life,Đạo đức,Đạo đức,Đạo đức trong cuộc sống hàng ngày,Ethics | ||
| 650 | |x Study and teaching,Học tập và giảng dạy | ||
| 650 | |z Việt Nam,Vietnam | ||
| 904 | |i Qhieu | ||
| 980 | |a Trung tâm Học liệu Trường Đại học Cần Thơ | ||